00473nam a2200193Ia 4500008004100000020001800041050001400059100001900073245004500092245002400137245002200161260001500183260001200198260000900210300001500219300002700234300001000261500000800271170918s9999 xx 000 0 und d a9780062001771 bO185 2011 aO'Connor, Jane aFancy Nancy : the dazzling book report / band the mean girl / cby Jane O'Connor. aNew York : bHarper, c2011 a32 pages : bcolored illustration ; c23cm. a290